| 000 | 01142nam a2200349 i 4500 | ||
|---|---|---|---|
| 001 | 192697 | ||
| 003 | SpMaBN | ||
| 005 | 20240228214549.0 | ||
| 007 | ta | ||
| 008 | 230512s2018 sp | |||| 000 0 spa | ||
| 017 |
_aSE 594-2018 _bOficina Depósito Legal Sevilla |
||
| 020 | _a9788417266523 | ||
| 040 |
_aSpMaBN _bspa _cES-MaACL _erda |
||
| 080 | _a821.134.2-84"19" | ||
| 100 | 1 |
_aNeila, Manuel, _d1950- _eaut _985334 |
|
| 245 | 1 | 3 |
_aEl juego del hombre : _bdiscordancias / _cManuel Neira ; prólogo de Hiram Barrios |
| 264 | 1 |
_aSevilla : _bRenacimiento, _c2018 |
|
| 300 |
_a217 páginas ; _c 21 cm |
||
| 336 |
_aTexto _2rdacontent |
||
| 337 |
_asin mediación _2rdamedia |
||
| 338 |
_avolumen _2rdacarrier |
||
| 490 | 1 |
_aA la mínima ; _v8 |
|
| 500 | _aÍndice | ||
| 500 | _aGlosario del descreído | ||
| 650 | 4 |
_914865 _aMáximas y aforismos |
|
| 700 | 1 |
_9235362 _aBarrios, Hiram _eaui |
|
| 830 |
_aA la mínima ; _v8 _9193621 |
||
| 852 |
_aES-MaACL _bR.153019 _cDEPOJ _hDonación: Manuel Neila _jN-8329 _9199993 |
||
| 903 |
_aNeila, Manuel, _d1950- _ednr _985334 |
||
| 942 |
_n0 _cMONOGRAFIA |
||
| 999 |
_c192697 _d192697 |
||